Куриерът трябва да умре (Запис номер 129919)
[ съкратено ]
| 000 -Лидер | |
|---|---|
| Контролно поле с фиксирана дължина | 01630nam a2200385 c 4500 |
| 003 - Код на организацията, давaща контролен номер | |
| Контролно поле | BLK |
| 005 - Дата и час на последна редакция | |
| Контролно поле | 20250308094048.0 |
| 008 - Елементи от данни с фиксирана дължина | |
| fixed length control field | 180409b bul|||||r ||||||| ||bul|| |
| 010 ## - Наследен системен номер | |
| LC control number | KNG00135664000 |
| 020 ## - Международен стандартен номер на книга ISBN | |
| Международен стандартен номер на книга ISBN | 978-954-8186-82-7 |
| -- | издат.: Санома Блясък България |
| 040 ## - Източник на каталожния запис | |
| Идентификатор на билиотеката - собственик на записа | BLK |
| 041 ## - Код за език | |
| Код за езика на текст/звукозапис или на отделно заглавие | Български |
| Код за езика КДБФ | Български |
| 072 #7 - Код за тематичната категория | |
| Код организация | bullib |
| Код за тематична категория | Н83 |
| Текст | Чужда художествена литература Н |
| 080 ## - УДК | |
| Текстов определител УДК | Американска литература (на САЩ) |
| УДК код - определител по УДК | 821.111(73) |
| УДК определител | -312.4 |
| УДК - код + определител | 821.111(73)-312.4 |
| 100 ## - Редна дума - Автор | |
| Автор | Хоуг, Тами |
| R(LIN) | 249554 |
| 139 ## - Редно поле | |
| Редна дума | Хоуг, Тами |
| Авторски знак | Хот - Х 70 |
| 245 10 - Сведения за заглавието | |
| Заглавие | Куриерът трябва да умре |
| Подзаглавни данни | Роман |
| Редно поле (дума) | Тами Хоуг; прев. Таня Виронова. |
| 250 ## - Област на изданието | |
| Сведения за изданието | 2. изд. |
| 257 ## - Страна на издаване | |
| Страна на създаване/издаване | Съединени американски щати |
| 260 ## - Област на издателските данни | |
| -- | София |
| Име на издателя, разпространителя и проч. | Санома Блясък България |
| Година на издаване | 2012 |
| Печатница | София : Инвестпрес |
| 300 ## - Физическа характеристика | |
| Страници | 312 с. |
| Размери/Мащаб | 20 см |
| 380 ## - Жанр | |
| Жанр | Худож. лит. |
| 490 1# - СЕРИИ (Колекции) | |
| Име на серия | Поредица Световни бестселъри |
| №: серия | 4 |
| 500 ## - Общи забележки | |
| Забележка | 1. изд. 2005 на изд. Бард. - Ориг. загл. Kill the Messenger / Tami Hoag. - Офс. изд. Разпространява се само със сп. Журнал за жената. |
| 653 ## - Ключова дума – ненормативна | |
| Ключова дума | крими |
| 653 ## - Ключова дума – ненормативна | |
| Ключова дума | романи |
| 659 ## - Тематичен бюлетин | |
| Тематичен бюлетин | Н |
| 700 1# - Други автори (авторска отговорност) | |
| Лично име | Виронова, Татяна Атанасова |
| 9 (RLIN) | 365852 |
| 852 ## - Местоположение | |
| Форматна сигнатура | Цб 256863 |
| 856 4# - Електронен адрес и достъп | |
| Електронен формат | pdf - файл |
| Път до файла /url/ | |
| 856 4# - Електронен адрес и достъп | |
| Електронен формат | pdf - файл |
| Път до файла /url/ | |
| 942 ## - АРТИКУЛИ | |
| Вид на библиотечния материал | Книги |
| Скрит в OPAC | Не |
| Koha issues (borrowed), all copies | 5 |
| 944 ## - СЪЗДАВАНЕ И РЕДАКЦИЯ на ЗАПИСА | |
| Създаване/Редакция | Създаване |
| Дата на регистрацията/редакция | 30.10.2012 |
| Статус, дата на статуса | Моника Янева |
| Служител, извършил регистрацията/редакцията | 30570 |
| 944 ## - СЪЗДАВАНЕ И РЕДАКЦИЯ на ЗАПИСА | |
| Създаване/Редакция | Редакция |
| Дата на регистрацията/редакция | 06.07.2017 |
| Статус, дата на статуса | ф / |
| Служител, извършил регистрацията/редакцията | Людмила_Стоянова |
| 999 ## - СИСТЕМНИ КОНТРОЛНИ НОМЕРА | |
| Koha biblionumber | 129919 |
| Koha biblioitemnumber | 129919 |
| Код за отписване | Код за изгубен артикул | Източник на класификационната схема | Код за повреда | Коз за рестрикции | Код за отдаване | Артикулен № | Име на библиотеката - собственик | Име на библиотеката, в която се намира в момента | Статус (Текущо местоположение) | Дата на вписване в системата | Местоположение - отдел | Цена в лева | Инвентарен номер | Систематично азбучна сигнатура | Баркод | Номер на екземпляра | Цена в евро | Служебна бележка | Служебен тип на артикула |
|---|---|---|---|---|---|---|---|---|---|---|---|---|---|---|---|---|---|---|---|
| Изтеглен | Не е изгубен | Universal Decimal Classification | Не е повреден | без рестрикции | заемане за дома | 211273 | Регионална библиотека "Любен Каравелов" Русе | Регионална библиотека "Любен Каравелов" Русе | Заемна - подръчен фонд | 2012-10-30 | Заемна - подръчен фонд | 7.99 | 120000760812 | П 820(73)-31/Х 70 | 120000760812 | 1 | 4.09 | Дост: DA Вид: А N: 19 Дата: 19.10.2012 | Книги |
| Не е изгубен | Не е повреден | без рестрикции | ползва се в читалня | 211274 | Регионална библиотека "Любен Каравелов" Русе | Регионална библиотека "Любен Каравелов" Русе | Хранилище | 2013-11-22 | Хранилище | 8.00 | 120000772060 | Цб 256863 | 120000772060 | 2 | 4.09 | Дост: Dp Вид: Д N: 47 Дата: 22.11.2012 | Книги | ||
| Не е изгубен | Не е повреден | без рестрикции | заемане за дома | 211275 | Регионална библиотека "Любен Каравелов" Русе | Регионална библиотека "Любен Каравелов" Русе | Заемна - подръчен фонд | 2014-02-07 | Заемна - подръчен фонд | 8.00 | 120000774159 | П 820(73)-31/Х 70 | 120000774159 | 3 | 4.09 | Дост: DA Вид: А N: 3 Дата: 07.02.2014 Дата инв: 15.02.2018 Бележки инв: П2018 | Книги | ||
| Не е изгубен | Не е повреден | без рестрикции | заемане за дома | 211276 | Регионална библиотека "Любен Каравелов" Русе | Регионална библиотека "Любен Каравелов" Русе | Заемна - подръчен фонд | 2017-06-06 | Заемна - подръчен фонд | 8.00 | 120000812020 | П 820(73)-31/Х 70 | 120000812020 | 4 | 4.09 | Дост: DA Вид: А N: 24 Дата: 06.06.2017 Дата инв: 16.02.2018 Бележки инв: П2018 | Книги |